[Event "LTU-ch U16"]
[Site "Panevezys"]
[Date "2013.03.27"]
[Round "7"]
[White "Auskalnis, Dovydas"]
[Black "Brazdzionis, Andrius"]
[Result "1/2-1/2"]
[WhiteElo "1664"]
[BlackElo "1961"]
[PlyCount "103"]
[EventDate "2013.03.23"]
[EventType "swiss"]
[EventRounds "7"]
[EventCountry "LTU"]
[SourceTitle "EXT 2022"]
[Source "ChessBase"]
[SourceDate "2021.10.06"]
[SourceVersion "1"]
[SourceVersionDate "2021.10.06"]
[SourceQuality "1"]

1. e4 e6 2. d4 d5 3. Nc3 Nf6 4. e5 Nfd7 5. Nf3 c5 6. dxc5 Nc6 7. Bf4 Bxc5 8. Bd3 a6 9. 0-0 Qc7 10. Qe2 Nd4 11. Nxd4 Bxd4 12. Rfe1 Bxc3 13. bxc3 Qxc3 14. Qg4 g6 15. Qh4 0-0 16. Qh6 f5 17. g4 Nc5 18. Rac1 Bd7 19. gxf5 exf5 20. Re3 Qb2 21. Rce1 Ne6 22. Rh3 Rf7 23. Bg5 Qb4 24. Ree3 d4 25. Reg3 Qe1+ 26. Kg2 Qxe5 27. f4 Bc6+ 28. Kf2 Qa5 29. Bf6 Qd2+ 30. Kg1 Qc1+ 31. Bf1 Nf8 32. Rxg6+ Nxg6 33. Qxg6+ Kf8 34. Qxf5 Qe1 35. Qc5+ Ke8 36. Qxd4 Rxf6 37. Re3+ Qxe3+ 38. Qxe3+ Kf8 39. Qc5+ Kg8 40. Bc4+ Kh8 41. Bd5 Bxd5 42. Qxd5 Rg8+ 43. Kf2 Rxf4+ 44. Ke3 Rgf8 45. Qxb7 R4f6 46. Qe4 Kg7 47. h4 Rf1 48. Qe5+ R8f6 49. Qg5+ Kf7 50. Qh5+ Kg7 51. Qg5+ Kf8 52. Qc5+ 1/2-1/2

[Event "LTU-ch U16"]
[Site "Panevezys"]
[Date "2013.03.25"]
[Round "4"]
[White "Miknevicius, Laurynas"]
[Black "Auskalnis, Dovydas"]
[Result "1-0"]
[WhiteElo "1906"]
[BlackElo "1664"]
[PlyCount "107"]
[EventDate "2013.03.23"]
[EventType "swiss"]
[EventRounds "7"]
[EventCountry "LTU"]
[SourceTitle "EXT 2022"]
[Source "ChessBase"]
[SourceDate "2021.10.06"]
[SourceVersion "1"]
[SourceVersionDate "2021.10.06"]
[SourceQuality "1"]

1. d4 Nf6 2. c4 g6 3. Nc3 d5 4. cxd5 Nxd5 5. e4 Nxc3 6. bxc3 Bg7 7. Nf3 0-0 8. Be2 c5 9. Rb1 Nc6 10. d5 Ne5 11. Nxe5 Bxe5 12. Qd2 Qa5 13. Rb3 Qc7 14. f4 Bg7 15. c4 b6 16. 0-0 e6 17. Bb2 exd5 18. Bxg7 Kxg7 19. cxd5 Kg8 20. e5 c4 21. Re3 Qc5 22. Bf3 Rb8 23. Kh1 Rd8 24. d6 Be6 25. Be4 Qb5 26. f5 Bxf5 27. Bxf5 gxf5 28. Rg3+ Kh8 29. Qc3 Qa5 30. Qd4 Qc5 31. Qf4 Re8 32. Re3 c3 33. Qh6 Re6 34. Qf4 Rg8 35. Re2 Qb5 36. Rfe1 Qd3 37. Qf3 Qxf3 38. gxf3 Rd8 39. Kg2 c2 40. Kf2 f6 41. f4 fxe5 42. fxe5 Rh6 43. Ke3 Rh3+ 44. Kd2 Ra3 45. Kxc2 Rxa2+ 46. Kd3 Ra3+ 47. Kd4 Kg7 48. Rc1 Rh3 49. Kd5 Kf8 50. Rd1 Ke8 51. Rg2 Kd7 52. Rg7+ Kc8 53. Rxa7 Kb8 54. Rda1 1-0

[Event "LTU-ch U16"]
[Site "Panevezys"]
[Date "2013.03.23"]
[Round "1"]
[White "Auskalnis, Dovydas"]
[Black "Stremavicius, Titas"]
[Result "0-1"]
[WhiteElo "1664"]
[BlackElo "2172"]
[PlyCount "40"]
[EventDate "2013.03.23"]
[EventType "swiss"]
[EventRounds "7"]
[EventCountry "LTU"]
[SourceTitle "EXT 2022"]
[Source "ChessBase"]
[SourceDate "2021.10.06"]
[SourceVersion "1"]
[SourceVersionDate "2021.10.06"]
[SourceQuality "1"]

1. e4 g6 2. Nf3 Bg7 3. d4 c5 4. c3 Nc6 5. Be3 Nf6 6. Nbd2 Ng4 7. Bd3 Nxe3 8. fxe3 d6 9. 0-0 0-0 10. Qe1 Rb8 11. Qh4 b5 12. Bc2 h6 13. Qg3 Qb6 14. d5 Ne5 15. Nxe5 Bxe5 16. Qh4 Kg7 17. Qxe7 g5 18. Rf5 Rb7 19. Rxe5 Rxe7 20. Rxe7 Kf6 0-1

[Event "Plunge op 32nd"]
[Site "Plunge"]
[Date "2012.07.19"]
[Round "6"]
[White "Lukosius, Rimvydas"]
[Black "Auskalnis, Dovydas"]
[Result "1-0"]
[WhiteElo "1872"]
[BlackElo "1710"]
[PlyCount "51"]
[EventDate "2012.07.16"]
[EventType "swiss"]
[EventRounds "9"]
[EventCountry "LTU"]
[SourceTitle "EXT 2013"]
[Source "ChessBase"]
[SourceDate "2012.11.22"]
[SourceVersion "1"]
[SourceVersionDate "2012.11.22"]
[SourceQuality "1"]

1. e4 e5 2. f4 exf4 3. Nf3 Nc6 4. Bc4 Bc5 5. c3 d6 6. d4 Bb6 7. Bxf4 Bg4 8. 0-0 Nf6 9. h3 Bh5 10. Qe1 Qe7 11. Nbd2 0-0 12. Kh1 Na5 13. Bd3 Bg6 14. Bg5 h6 15. Bh4 Rfe8 16. d5 c6 17. b4 cxd5 18. bxa5 Bxa5 19. Nb3 Bb6 20. Bb5 Rec8 21. e5 dxe5 22. Nxe5 Bc7 23. Bxf6 gxf6 24. Nxg6 Qxe1 25. Raxe1 fxg6 26. Rxf6 1-0